Statystyki dla Klasyfikacja drużynowa w Skokach Narciarskich sezon 18/19

Kliknij tutaj aby rozwiązać quiz!

Ogólne statystyki

  • Ten quiz został rozwiązany 43 razy
  • Średni wynik to 14 z 15

Statystyki odpowiedzi

MiejsceReprezentacjaWystępyDrużynoweIndywidualneRazem% Poprawnych
4Austria35253020004530
100%
3Japonia35306317504813
100%
2Niemcy35330023505650
100%
5Norwegia35294310003943
100%
1Polska35383322506083
100%
6Słowenia35203617003736
100%
9Rosja33617250867
97%
12Stany Zjednoczone1418-18
97%
7Szwajcaria357177501467
97%
8Czechy336064501056
94%
10Finlandia33296100396
94%
12Kanada2018-18
94%
15Włochy147-7
91%
14Estonia312-12
76%
11Bułgaria18134-134
74%

Rozkład punktacji

Percentyl według liczby udzielonych odpowiedzi

Procent ludzi z każdym wynikiem

Twoja historia wyników

Nie rozwiązałeś tego quizu